000 00684nam a2200289Ia 4500
005 20260324125919.0
008 008 260324s9999 xx 000 0 eng d
020 _a9780203895382
037 _aEBOOK
040 _aCRL
040 _beng
040 _cCRL
041 _2eng
041 _aeng
084 _qCRL
100 _aDenise Egea-Kuehne
_91179814
245 0 _aLevinas and Education
245 0 _bAt the Intersection of Faith and Reason
260 _bTaylor and Francis
260 _c2008
365 _a
365 _b280
856 _uhttp://www.taylorfrancis.com/books/9780203895382
942 _cEBOOK
999 _c1775479
_d1775479